| 000 | 00792 a2200265 4500 | ||
|---|---|---|---|
| 001 | 200421588 | ||
| 999 |
_c200421588 _d38753 |
||
| 003 | TR-AnTOB | ||
| 005 | 20210812091246.0 | ||
| 008 | 150313s tu 000 0 | ||
| 040 |
_aTR-AnTOB _btur _erda |
||
| 041 | 0 | _atur | |
| 050 | 0 | 0 |
_aHC5706.5.A5 _bC56 2002 |
| 090 | _aHC5706.5 .A5 C56 2002 | ||
| 100 | 1 |
_aÇımat, Ali _9104927 |
|
| 245 | 1 | 0 |
_aKobi’lerin finansman sorunlarının çözümünde risk sermayesi / _cAli Çımat ; Atakan Laçinel. |
| 264 |
_aAnkara: _bVergi Denetmenleri Derneği, _c2002 |
||
| 300 |
_a119 sayfa: _c20 cm. |
||
| 336 |
_atext _2rdacontent |
||
| 337 |
_aunmediated _2rdamedia |
||
| 338 |
_avolume _2rdacarrier |
||
| 650 | 0 | 7 |
_aRisk sermayesi _zTürkiye _2etuturkob _917803 |
| 650 | 0 | 0 |
_aVenture capital _93852 |
| 942 | _cBK | ||